| 000 | 01009nam a22003497a 4500 | ||
|---|---|---|---|
| 001 | BR7406562 | ||
| 003 | BR-BrBNA | ||
| 005 | 20230928084645.0 | ||
| 007 | ta | ||
| 008 | 230509b bl.||||| |||| 00| 0 por d | ||
| 040 |
_aBR-BrBNA _bpor _cBiblioteca Nacional de Agricultura |
||
| 041 | _a(Por) | ||
| 072 |
_aM00; M10 _b8100 _b8310 _b/G514 |
||
| 090 | _ 8100 BR7406562 | ||
| 100 | 1 | _aLeal, M. de A.P. | |
| 100 | 1 | _aVieira, L.H. | |
| 100 | 1 | _aRabelo, A.S.M. | |
| 110 | 1 |
_aInstituto de Pesquisas Economico-Sociais e Informatica, Sao Luis, MA (Brasil) _96204 |
|
| 245 | 1 | _aSubsidios ao estudo da pesca no litoral e baixada maranhenses [Brasil] | |
| 260 | 3 |
_aSao Luis, MA (Brasil): _c1974. |
|
| 300 | _a59 p. | ||
| 500 | _a27 tables | ||
| 650 | _aPEIXE MARINHO | ||
| 650 | _aPESCA | ||
| 650 | _aPRODUCAO PESQUEIRA | ||
| 650 | _aCOMUNIDADE PESQUEIRA | ||
| 650 | _aDESENVOLVIMENTO PESQUEIRO | ||
| 650 | _aCAMARAO | ||
| 650 | _aMARANHAO | ||
| 909 |
_a202309 _bLucia _c55 _dLucia Elande |
||
| 942 | _cBK | ||
| 999 |
_c20313 _d20313 |
||